000 00940nam a22002897a 4500
001 5044
003 FISKH
005 20241101144005.0
008 241101b cb ||||| |||| 00| 0 eng d
020 _a9781453064597
040 _aFISKH
_beng
_cFISKH
_dFISKH
050 _aPZ7.P83
082 _a813.52
100 _aPorter, Eleanor H.
245 _aPollyanna /
_cby Eleanor H. Porter
260 _aNew York :
_bDalmatian Press ;
_c2013.
300 _a182 pages :
_billustrations ;
_c21 cm .
490 _aPollyanna
_vBook 1
505 _aV
520 _aWhen orphaned, eleven-year-old Pollyanna comes to live with austere and wealthy Aunt Polly, her philosophy of gladness brings happiness to her aunt and other unhappy members of the community.
521 8 _a870
_bLexile
521 8 _aV
_bRaz-Plus
650 _achildren
_vfiction
700 _aSayer, Jon
_eillustrator
942 _2ddc
_cBK
_n0
999 _c5044
_d5044